Welcome to University of Cape Coast Library, Online Public Access Catalogue (OPAC)

Learning (Record no. 45849)

MARC details
000 -LEADER
fixed length control field 00757nam a22002411 4500
001 - CONTROL NUMBER
control field 1695749
003 - CONTROL NUMBER IDENTIFIER
control field OSt
005 - DATE AND TIME OF LATEST TRANSACTION
control field 20230912110347.0
008 - FIXED-LENGTH DATA ELEMENTS--GENERAL INFORMATION
fixed length control field 711216s1964 njua b 000 0 eng
010 ## - LIBRARY OF CONGRESS CONTROL NUMBER
LC control number 64010869
040 ## - CATALOGING SOURCE
Original cataloging agency DLC
Transcribing agency DLC
Modifying agency DLC
050 00 - LIBRARY OF CONGRESS CALL NUMBER
Classification number LB1051
Item number .M435
082 00 - DEWEY DECIMAL CLASSIFICATION NUMBER
Classification number 154.4
100 1# - MAIN ENTRY--PERSONAL NAME
Personal name Mednick, Sarnoff A.
9 (RLIN) 26481
245 00 - TITLE STATEMENT
Title Learning
Statement of responsibility, etc. [by] Sarnoff A. Mednick, with the collaboration of Howard R. Pollio.
260 ## - PUBLICATION, DISTRIBUTION, ETC.
Place of publication, distribution, etc. Englewood Cliffs, N.J.,
Name of publisher, distributor, etc. Prentice-Hall
Date of publication, distribution, etc. [1964]
300 ## - PHYSICAL DESCRIPTION
Extent x, 118 p.
Other physical details illus., diagrs.
Dimensions 24 cm.
490 0# - SERIES STATEMENT
Series statement Foundations of modern psychology series
504 ## - BIBLIOGRAPHY, ETC. NOTE
Bibliography, etc. note Bibliography: p. 114.
650 #0 - SUBJECT ADDED ENTRY--TOPICAL TERM
Topical term or geographic name entry element Learning, Psychology of.
9 (RLIN) 386
906 ## - LOCAL DATA ELEMENT F, LDF (RLIN)
a 7
b cbc
c orignew
d u
e ocip
f 19
g y-gencatlg
942 ## - ADDED ENTRY ELEMENTS (KOHA)
Source of classification or shelving scheme Library of Congress Classification
Koha item type Books

No items available.

Koha©2022 UCC.All Right Reserved.Site Developed by Sam Jonah Library IT Team
<Home | Contact | Library publications |Research Tools | Research Guides |https://ucclivechat.library-gh.net/index.php/chat

If you have questions or concern please contact the Library.



PMB, University of Cape Coast

KOHA HOME